|
|
|
|
| LEADER |
00718cam a2200181 7i4500 |
| 001 |
0000001131 |
| 005 |
20171108090000.0 |
| 020 |
|
|
|a 9839585754 (pbk.)
|
| 090 |
0 |
0 |
|a QA37
|b .Z85 1992
|
| 100 |
1 |
|
|a Zulauf, Achim
|
| 245 |
1 |
0 |
|a Asas bermantik dan berteori set bagi matematik :
|b bahagian pertama pendekatan moden terhadap matematik tulen
|c Achim Zulauf ; diterjemah oleh Samsudin bin Abdullah.
|
| 260 |
|
|
|a Skudai, Johor:
|b UTM,
|c 1992.
|
| 300 |
|
|
|a 283 p.;
|c 22 cm.
|
| 650 |
0 |
0 |
|a Set theory
|
| 700 |
0 |
|
|a Samsudin Abdullah
|
| 997 |
|
|
|a Engineering & Life Sciences, Faculty
|b Engineering, Department
|
| 999 |
|
|
|a 0000001057
|b BOK
|c OPEN SHELF
|e 2nd Floor, Bestari Jaya
|
| 999 |
|
|
|a 0000007470
|b BOK
|c OPEN SHELF
|e 2nd Floor, Bestari Jaya
|